| 000 | 01254cam a2200289 a 4500 | ||
|---|---|---|---|
| 005 | 20160212190858.0 | ||
| 008 | 020419s2001 ck a r 000 0 spa d | ||
| 015 | _aSSS | ||
| 020 | _a9586823482 | ||
| 040 |
_aCO-BoPUJ _cCO-BoIAVH _dCO-BoIAVH |
||
| 041 | 0 | _aspa | |
| 082 | 0 | 4 |
_a382.41 _bC82e |
| 110 | 2 |
_aCorporación Colombia Internacional _949935 |
|
| 245 | 1 | 0 |
_aOportunidades de exportación para frutas y hortalizas _bRegión Caribe colombiana _cCorporación Colombia Internacional ; coordinación Sandra Cuéllar Tarazona ; presentación Gustavo Bell Lemus ; editora Marcela Giraldo |
| 246 | 0 | 3 |
_aEstudios de mercados hortofrutícolas _bEstados Unidos, Canada, Costa Rica, Cuba, Republica Dominicana, Jamaica |
| 260 |
_aBogotá _bAlfaomega _c2001. |
||
| 300 |
_axv, 284 p. _bilustraciones _c24 cm. |
||
| 504 | _aIncluye referencias bibliográficas. | ||
| 650 | 2 | 4 |
_aFrutas _xComercio _zRegión caribe (Colombia) _959256 |
| 650 | 2 | 4 |
_aHortalizas _xComercio _zRegión caribe (Colombia) _959257 |
| 700 | 1 |
_aJodean, Robbins _959258 |
|
| 700 | 1 |
_aMedina, Jazmine _919586 |
|
| 700 | 1 |
_aCuéllar Tarazona, Sandra _eCoor. _919582 |
|
| 700 | 1 |
_aBell Lemus, Gustavo Adolfo _d1957- _eProl. _959259 |
|
| 700 | 1 |
_aGiraldo, Marcela _eEd. _94846 |
|
| 942 |
_2ddc _cLIBRO |
||
| 999 |
_c3339 _d3339 |
||